Cities With the Biggest Difference Between Urban Area and City Proper - Statistics

General Stats
  • This quiz has been taken 100 times
  • The average score is 18 of 30
Answer Stats
Difference City % Correct
26,202,371 Tokyo
96%
34,619,500 Guangzhou
90%
5,726,287 London
90%
13,449,595 New York City
88%
13,715,693 Los Angeles
85%
6,643,200 Shanghai
82%
10,050,169 Delhi
79%
10,757,627 Mumbai
79%
6,270,077 Rio de Janeiro
75%
18,024,690 Jakarta
74%
9,904,107 Sao Paulo
74%
7,521,559 Cairo
71%
4,702,404 Moscow
71%
14,404,216 Seoul
71%
12,745,700 Buenos Aires
70%
11,503,306 Kolkata
66%
13,225,276 Mexico City
63%
3,273,000 Chennai
62%
8,965,173 Johannesburg
56%
8,619,075 Bangkok
55%
5,545,949 Tehran
55%
10,629,895 Dhaka
51%
3,800,000 Tianjin
44%
4,885,071 Chengdu
42%
5,095,071 Taipei
33%
6,468,653 Xiamen
27%
4,739,609 Hangzhou
22%
4,282,700 Hanoi
22%
4,255,689 Ningbo
4%
4,997,009 Zunyi
0%
No matching quizzes found
Score Distribution
Percent of People with Each Score
Percentile by Number Answered
Your Score History
You have not taken this quiz